=LDR 00000nam 2200000 4500 =001 INLIS000000000002039 =005 20240115022917 =035 ##$$a 0010-0124000054 =007 ta =008 240115###########################0###### =020 ##$$a 978.602.441.255-5 =082 ##$$a 297.52 =084 ##$$a 297.52 HUS s =100 #$$a Husein Ja'far al - Hadar =245 1#$$a Seni Merayu Tuhan /$c Husein Ja'far al - Hadar =250 ##$$a cetakan vii =260 ##$$a Bandung :$b PT Mizan Publika,$c 2023 =300 ##$$a 225 hal : $b ilustrasi ; $c 20 cm =650 #4$$a Islam Populer =520 ##$$a Seni merayu Tuhan adalah cara-cara sederhana untuk mendekati Tuhan dengan rayuan bukan paksaan. Dengan pendekatan yang humoris, milenial dan humanis =856 ##$$a BKKBN Pusat